The art of brutalism (Registro nro. 310844)
[ vista simple ]
| 000 -ENCABEZADO | |
|---|---|
| Número de control [NR] | 00803cam a2200217 i 4500 |
| 005 - FECHA Y HORA DE LA ÚLTIMA TRANSACCIÓN | |
| control field | 20181108160235.0 |
| 008 - DE LONGITUD FIJA DE DATOS DE ELEMENTOS - INFORMACIÓN GENERAL | |
| Elementos de longitud fija [NR] | 160705s2017 ctua b 001 0 eng |
| 020 ## - NUMERO INTERNACIONAL NORMALIZADO PARA LIBROS [R] | |
| Número Internacional Normalizado del libro [NR] | 9780300222746 |
| 040 ## - FUENTE DE CATALOGACION [NR] | |
| Agencia de catalogación original [NR] | CO-BoUCM |
| Idioma de catalogación [NR] | spa |
| Quien Cataloga | Doris Forero |
| Quien Clasifica | Doris Forero |
| 041 ## - CODIGO DE IDIOMA [R] | |
| Código de idioma para texto/pista de sonido o título separado [R] | Inglés |
| 100 1# - ASIENTO PRINCIPAL--NOMBRE PERSONAL [NR] | |
| Nombre personal [NR] | Highmore, Ben |
| Fechas asociadas con el nombre [NR] | 1961- |
| ID Autoridad | 94346 |
| 245 14 - MENCION DE TITULO [NR] | |
| Título [NR] | The art of brutalism |
| Parte restante del título [NR] | rescuing hope from catastrophe in 1950s Britain |
| Mención de responsabilidad, etc. [NR] | Ben Highmore |
| 260 ## - PUBLICACION, DISTRIBUCION, ETC. (PIE DE IMPRENTA) [R] | |
| Lugar de publicación, distribución, etc. [R] | New Haven |
| Nombre del editor, distribuidor, etc. [R] | Yale University Press |
| Fecha de publicación, distribución, etc. [R] | 2017 |
| 300 ## - DESCRIPCION FISICA [R] | |
| Extensión [R] | 297 páginas |
| Otros detalles físicos [NR] | Ilustraciones |
| 650 #7 - ASIENTO SECUNDARIO DE MATERIA - TERMINO TEMATICO [R] | |
| Término temático o nombre geográfico como elemento de entrada [NR] | Arte |
| 9 (RLIN) | 9444 |
| Subdivisión general [R] | Britanico |
| 650 #7 - ASIENTO SECUNDARIO DE MATERIA - TERMINO TEMATICO [R] | |
| Término temático o nombre geográfico como elemento de entrada [NR] | Arte y sociedad |
| 9 (RLIN) | 9532 |
| 650 #7 - ASIENTO SECUNDARIO DE MATERIA - TERMINO TEMATICO [R] | |
| Término temático o nombre geográfico como elemento de entrada [NR] | Historia |
| Subdivisión geográfica [R] | Gran Breataña |
| Subdivisión cronológica [R] | Siglo 20 |
| 9 (RLIN) | 7695 |
| 650 #7 - ASIENTO SECUNDARIO DE MATERIA - TERMINO TEMATICO [R] | |
| Término temático o nombre geográfico como elemento de entrada [NR] | Arquitectura y sociedad |
| Subdivisión geográfica [R] | Gran Breataña |
| Subdivisión cronológica [R] | Siglo 20 |
| 9 (RLIN) | 9421 |
| 942 ## - ELEMENTOS DE ENTRADA AGREGADOS (KOHA) | |
| Sistema de clasificación | DEWEY |
| Tema principal | Arte |
| Tipo de ítem principal el descrito en 300a | Libro |
| Edición | 1 |
| Clasificación | 701.03 |
| Parte restante de la signatura top. | H638 |
| Fecha de último préstamo | Total préstamos | Total Renewals | Signatura topográfica | Código de barras | Última vez visto | Ejemplar | Costo de reposición | Price effective from | Tipo de ítem | Perdido | Sistema de clasificación | Dañado | No prestable | Tipo de ítem específico | Suprimido | Ubicación habitual | Ubicación actual | Localización | Fecha de creación | Proveedor | Forma de adquisición | Costo |
|---|---|---|---|---|---|---|---|---|---|---|---|---|---|---|---|---|---|---|---|---|---|---|
| 20/03/2019 | 1 | 1 | 701.03 H638 | 100158286 | 06/12/2025 | Ej.1 | 136000.00 | 30/10/2018 | Libro | DEWEY | Libro | Claustro | Claustro | 2do piso | 30/10/2018 | 111 | Compra | 136000.00 |